| 000 | 00399nam a2200157Ia 4500 | ||
|---|---|---|---|
| 008 | 210210b1986 xxu||||| |||| 00| 0 eng d | ||
| 020 | _a81 7013 037 X | ||
| 082 | _a954.045 MANI | ||
| 100 | _aMANKEKAR (D R). | ||
| 245 | _aIndira era a symposium. | ||
| 260 |
_aNew Delhi. _bNavrang Publishers., _c1986 |
||
| 300 | _a170 | ||
| 650 | _aIndira Gandhi | ||
| 690 | _aIndian History | ||
| 906 | _a043384 | ||
| 999 |
_c93034 _d93034 |
||